|
LDR
| 02058nam a22005175i 4500 |
|---|
| 001 | 32735 |
|---|
| 003 | CONS |
|---|
| 005 | 20130727060737.0 |
|---|
| 007 | cr nn 008mamaa |
|---|
| 008 | 120930s2012 gw | s |||| 0|eng d |
|---|
| 020 | | . |
‡a9783642335150
‡9978-3-642-33515-0 |
|---|
| 024 | 7 | . |
‡a10.1007/978-3-642-33515-0
‡2doi |
|---|
| 035 | | . |
‡a(DE-He213)978-3-642-33515-0 |
|---|
| 050 | | 4. |
‡aQ334-342 |
|---|
| 050 | | 4. |
‡aTJ210.2-211.495 |
|---|
| 072 | | 7. |
‡aUYQ
‡2bicssc |
|---|
| 072 | | 7. |
‡aTJFM1
‡2bicssc |
|---|
| 072 | | 7. |
‡aCOM004000
‡2bisacsh |
|---|
| 100 | 1 | . |
‡aSu, Chun-Yi.
‡eeditor. |
|---|
| 245 | 1 | 0. |
‡aIntelligent Robotics and Applications
‡h[electronic resource] :
‡b5th International Conference, ICIRA 2012, Montreal, Canada, October 3-5, 2012, Proceedings, Part II /
‡cedited by Chun-Yi Su, Subhash Rakheja, Honghai Liu. |
|---|
| 264 | | 1. |
‡aBerlin, Heidelberg :
‡bSpringer Berlin Heidelberg :
‡bImprint: Springer,
‡c2012. |
|---|
| 300 | | . |
‡aXXI, 715 p. 430 illus.
‡bonline resource. |
|---|
| 336 | | . |
‡atext
‡btxt
‡2rdacontent |
|---|
| 337 | | . |
‡acomputer
‡bc
‡2rdamedia |
|---|
| 338 | | . |
‡aonline resource
‡bcr
‡2rdacarrier |
|---|
| 347 | | . |
‡atext file
‡bPDF
‡2rda |
|---|
| 490 | 1 | . |
‡aLecture Notes in Computer Science,
‡x0302-9743 ;
‡v7507 |
|---|
| 650 | | 0. |
‡aComputer science. |
|---|
| 650 | | 0. |
‡aSoftware engineering. |
|---|
| 650 | | 0. |
‡aArtificial intelligence. |
|---|
| 650 | | 0. |
‡aComputer vision. |
|---|
| 650 | | 0. |
‡aOptical pattern recognition. |
|---|
| 650 | 1 | 4. |
‡aComputer Science. |
|---|
| 650 | 2 | 4. |
‡aArtificial Intelligence (incl. Robotics). |
|---|
| 650 | 2 | 4. |
‡aPattern Recognition. |
|---|
| 650 | 2 | 4. |
‡aImage Processing and Computer Vision. |
|---|
| 650 | 2 | 4. |
‡aComputers and Society. |
|---|
| 650 | 2 | 4. |
‡aComputer Applications. |
|---|
| 650 | 2 | 4. |
‡aSpecial Purpose and Application-Based Systems. |
|---|
| 700 | 1 | . |
‡aRakheja, Subhash.
‡eeditor. |
|---|
| 700 | 1 | . |
‡aLiu, Honghai.
‡eeditor. |
|---|
| 710 | 2 | . |
‡aSpringerLink (Online service) |
|---|
| 773 | 0 | . |
‡tSpringer eBooks |
|---|
| 776 | 0 | 8. |
‡iPrinted edition:
‡z9783642335143 |
|---|
| 830 | | 0. |
‡aLecture Notes in Computer Science,
‡x0302-9743 ;
‡v7507 |
|---|
| 856 | 4 | 0. |
‡uhttp://biblioteca.ipicyt.edu.mx:2048/login?url=http://dx.doi.org/10.1007/978-3-642-33515-0
‡yTexto completo
‡9CONS |
|---|
| 950 | | . |
‡aComputer Science (Springer-11645) |
|---|
| 901 | | . |
‡a32735
‡b
‡c32735
‡tbiblio
‡sSystem Local |
|---|